| 000 | 01414cam a22002295a 4500 | ||
|---|---|---|---|
| 001 | L151640 | ||
| 008 | 101123s2010 xxk o f 001 0 eng d | ||
| 020 | _a9781906347833 | ||
| 035 | _a(Sirsi) u151640 | ||
| 041 | 0 | _aeng | |
| 110 | 2 |
_aPrince's Foundation for the Built Environment _95350 |
|
| 245 | 0 | 0 | _aTradition & sustainability |
| 260 |
_aLondon _bCompendium _c2010 |
||
| 300 |
_a208p. _bill. _c28cm. |
||
| 505 | 2 | _aSustainability and tradition, two sides of the coin -- Ten thousand years of building, history is in our future -- Living traditions and the original green -- Tradition and innovation in green architecture and urbanism -- The four greens -- Bodies and Buildings, microcosm in traditional architecture and urbanism -- Sustainable refurbishment, a key component of the built heritage -- Environmental priorities and traditional ways of building -- Cultural sustainability and the renewal of tradition -- Our health in response to the built environment -- The road to the natural house -- Afterword, the green tradition, innovating the future. | |
| 520 | _aGives an insight into the current thinking on the subject of tradition and sustainabilty, and looks at the lessons which tradition and the vernacular can teach about sustaibaility. | ||
| 521 | _aAdvanced | ||
| 590 | _aKA | ||
| 651 | 4 |
_aUnited Kingdom _y |
|
| 690 | _aENVIRONMENTAL AND LAND CONSULTANCY-SUSTAINABILITY | ||
| 942 | _n0 | ||
| 999 |
_c111508 _d111508 |
||